| 000 | 00684nam a2200181Ia 4500 | ||
|---|---|---|---|
| 008 | 151018s9999 xx 000 0 und d | ||
| 082 |
_bRBASDV21973 _a920 |
||
| 100 | _aशैलजा म्हात्रे | ||
| 245 | _aपोलिस नावाचा माणूस | ||
| 250 | _b1 | ||
| 260 |
_bसाकेत प्रकाशन प्रा लि औरंगाबाद _c1987 |
||
| 300 | _a102 | ||
| 600 | _aशैलजा म्हात्रे | ||
| 630 | _aपोलिस नावाचा माणूस | ||
| 700 | _aशैलजा म्हात्रे | ||
| 730 | _aपोलिस नावाचा माणूस | ||
| 942 | _cBOOK | ||
| 999 |
_c1021645 _d1021642 |
||